000
00324nam a2200133 a 4500
008
991218s1987||||xx 0 und c
040
_a
SNK
_b
slo
_c
SNK
_e
AACR2
245
1
0
_a
Malá československá encyklopedie. 5
260
_a
Praha
_b
Academia
_c
1987
300
_a
998 s.
020
_c
170
041
_a
slo
044
_a
xo
_c
SK
999
_c
15157
_d
15157